000 00591nam a2200193 a 4500
001 16986
003 CO-ViMGA
008 141112s2004 ck r 000 u spa d
020 _a8428323836
040 _aCO-ViMGA
_bspa
_cCO-ViMGA
082 0 4 _a696.1 M455f
100 1 _aMilán Diáz, Cesar
_924074
245 1 0 _aFontanería :
_bSupuestos prácticos para la obtención del carnet profesional de instalador autorizado de fontanería
260 _aMexico.Thomson,
_c2003
300 _a173.p.
590 _aForma de adquisición : Premio - Mincultura
650 1 4 _aPLOMERIA
942 _2ddc
_cBK
999 _c26604
_d26604